000 00780cab a2200229 4500
001 WB2810-52
008 090401t1992 xxu||||| |||| 00| 0 eng d
035 _a(Sirsi) u49864
041 _aeng
245 _aNew guidelines on urban programme
260 _c1992
350 _a0
490 _aAction for Cities News Release
_v(166) 28 February 1992 (2)
520 _aThe DoE has published new guidelines to local authorities in the 57 urban priority areas to assist them in drawing up Urban Programme plans for 1993-1994. Supersedes the "Action Plan for 1992-93" issued February 1991.
650 _aACTION FOR CITIES
650 _aCITY CHALLENGE
650 _aINNER CITIES
650 _aURBAN PROGRAMME
690 _aURBAN RENEWAL
942 _n0
948 _c04/03/1997
999 _c31222
_d31222